| 000 | 01453cam a2200241 i 4500 | ||
|---|---|---|---|
| 001 | 2576 | ||
| 005 | 20251020150327.0 | ||
| 020 | _a9780194646871 | ||
| 040 |
_aDLC _beng _erda _cDLC |
||
| 050 | 0 | 0 | _a428.64 |
| 100 | 1 |
_aNorthcott, Richard _eauthor |
|
| 245 | 1 | 0 |
_aIn the mountains / _cRichard Northcott |
| 250 | _aFirst published in 2013 | ||
| 260 |
_aOxford : _bOxford University Press, _c2013 |
||
| 300 |
_a40 pages : _bcolor illustrations ; _c22 cm |
||
| 505 | _aG | ||
| 520 | _aThis exciting new series of non-fiction readers provides interesting and educational content, with activities and project work. The readers are graded at four levels, from 3 to 6, suitable for students from age 8 and older. They can support Content and Language Integrated Learning (CLIL), andcover a broad range of topics, within three curriculum areas:The World of Science and TechnologyThe Natural WorldThe World of Arts and Social StudiesAlso available for each reader:* Activity Book* Audio CD Pack (Reader and Audio CD)* Teacher's Notes and CLIL guidance at www.oup.com/elt/readanddiscoverThe Activity Book includes 16 pages of chapter-linked activities followed by after-reading whole book activities and a book review; focus on content, vocabulary, and grammar. | ||
| 521 |
_a400
_bLexile |
||
| 521 |
_aG
_bRaz-plus |
||
| 650 | 0 |
_aMountain ecology _vJuvenile literature. |
|
| 906 |
_a7 _bcbc _corigres _d2 _encip _f20 _gy-gencatlg |
||
| 942 |
_2ddc _cBK _n0 |
||
| 999 |
_c2576 _d2576 |
||